000 nam a22 7a 4500
999 _c174573
_d174573
003 Nust
005 20170201145733.0
008 170201b xxu||||| |||| 00| 0 eng d
040 _c0
050 _a628 KHA
082 _a628 KHA
100 _aKhan,Bahadar
245 _aModelling Of The National Inventory Of Greenhouse Gases
_cBahadar Khan
260 _aRawalpindi
_bIESE (SCEE) NUST
_c2002
300 _a98 p.
_bHB.
440 _aMS Environmental Engineering
500 _aThesis MS EE
650 _aEnvironmental Engineering
700 _4Dr. M Anwar Baig (Supervisor)
942 _2ddc
_cTHE
_kIESE